| 000 | 01253cam a22003975i 4500 | ||
|---|---|---|---|
| 999 |
_c522524 _d522524 |
||
| 001 | 20657244 | ||
| 003 | NUST | ||
| 005 | 20181030113144.0 | ||
| 008 | 180905s2018 pk a 000 0aeng | ||
| 010 | _a 2018322594 | ||
| 020 | _a9789698898021 | ||
| 025 | _aP-E-2018322594; 02 | ||
| 035 | _a(DLC)20657244 | ||
| 035 | _a(DLC)2018322594 | ||
| 037 | _bLibrary of Congress -- Islamabad Overseas Office | ||
| 038 | _aWASEEM | ||
| 040 |
_aDLC _beng _cDLC _erda |
||
| 042 | _alcode | ||
| 043 | _aa-pk--- | ||
| 050 | 0 | 0 |
_aUG626.2.C474 _bA3 2018 |
| 082 |
_a923.5 _bCHO |
||
| 100 | 1 |
_aChoudhry, Rab Nawaz, _eauthor. _912443 |
|
| 245 | 1 | 4 |
_aThe first kill 1959 & beyond / _cRab Nawaz Choudhry. |
| 246 | 3 | _aFirst kill 1959 and beyond | |
| 264 | 1 |
_aLahore : _bQalam Foundation International, _c2018. |
|
| 300 |
_aix, 137 pages : _billustrations (chiefly color) ; _c23 cm |
||
| 336 |
_atext _btxt _2rdacontent |
||
| 337 |
_aunmediated _bn _2rdamedia |
||
| 338 |
_avolume _bnc _2rdacarrier |
||
| 600 | 1 | 0 |
_aChoudhry, Rab Nawaz. _912443 |
| 610 | 1 | 0 |
_aPakistan. _bAir Force _vBiography. _912444 |
| 710 | 2 |
_aQalam Fāʼūnḍeshan. _912445 |
|
| 906 |
_a7 _bcbc _corigode _d3 _encip _f20 _gy-gencatlg |
||
| 942 |
_2ddc _cBK |
||